Normal view
MARC view
- Juan Alvarez Brian Shoichet
Entry Personal Name
001 - CONTROL NUMBER
- control field: 21381
003 - CONTROL NUMBER IDENTIFIER
- control field: NUST
005 - DATE AND TIME OF LATEST TRANSACTION
- control field: 20190925121502.0
008 - FIXED-LENGTH DATA ELEMENTS
- fixed length control field: 190925|| aca||aabn | a|a d
040 ## - CATALOGING SOURCE
- Original cataloging agency: NUST
- Transcribing agency: NUST
100 ## - HEADING--PERSONAL NAME
- Personal name: Juan Alvarez Brian Shoichet
670 ## - SOURCE DATA FOUND
- Source citation: Work cat.: (NUST)23411: Juan Alvarez Brian Shoichet, Virtual Screening in Drug Discovery, 2005
